| 000 | 00675nam a22002297a 4500 | ||
|---|---|---|---|
| 005 | 20241217113856.0 | ||
| 008 | 241217b ||||| |||| 00| 0 eng d | ||
| 020 | _a9788193727942 | ||
| 040 | _cAL | ||
| 041 | _aEnglish | ||
| 082 |
_223 _a345.05 _bMULM |
||
| 100 |
_aAmar S Mulla and others _9191359 |
||
| 245 | _aMulla On The Code Of Criminal Procedure 1973: Vol 3 | ||
| 250 | _a21 | ||
| 260 |
_aDelhi _bThe Delhi Law House _c2023 |
||
| 300 |
_a2974 p. _bHB _c24x16 cm. |
||
| 365 |
_a1172 _b₹1825.00 _c₹ _d₹2500.00 _e27% _f14-12-2024 |
||
| 440 |
_aVolume 3 _9191360 |
||
| 650 |
_aCriminal Procedure _9191361 |
||
| 700 |
_aSAEED (Manzar) _9191362 |
||
| 942 |
_2ddc _cBK |
||
| 999 |
_c233021 _d233021 |
||